Tilastot visalle Lukusanat 1-10 kymmenellä kielellä

Klikkaa tästä pelataksesi tätä visaa!

Yleistilastot

  • Tätä visaa on pelattu 953 kertaa
  • Keskiarvotulos 47 / 100

Vastaustilastot

kieli#vastaus% Oikein
englanti1one
99%
englanti | ranska6six
99%
englanti10ten
99%
englanti2two
99%
englanti8eight
98%
englanti5five
98%
englanti4four
98%
englanti9nine
98%
englanti7seven
98%
englanti3three
98%
italia | ruotsi3tre
98%
ranska1un
93%
ruotsi1ett
91%
ruotsi6sex
91%
espanja | italia1uno
91%
ruotsi4fyra
90%
ruotsi5fem
89%
ruotsi9nio
88%
ruotsi10tio
88%
ruotsi8åtta
87%
ruotsi7sju
87%
ruotsi2två
87%
espanja2dos
86%
espanja3tres
86%
portugali3três
86%
italia6sei
82%
viro2kaks
70%
viro6kuus
69%
viro5viis
69%
viro3kolm
68%
portugali4quatro
63%
viro7seitse
57%
viro4neli
53%
saksa2zwei
51%
saksa1eins
50%
saksa3drei
49%
espanja | portugali6seis
49%
espanja | portugali5cinco
47%
saksa5fünf
45%
viro8kaheksa
45%
saksa7sieben
45%
hollanti | saksa8acht
43%
viro1üks
42%
saksa6sechs
41%
hollanti | saksa4vier
41%
saksa9neun
39%
espanja7siete
37%
saksa10zehn
37%
espanja8ocho
36%
italia4quattro
36%
espanja9nueve
34%
espanja4cuatro
32%
ranska2deux
30%
viro10kümme
30%
espanja10diez
29%
ranska5cinq
28%
ranska4quatre
27%
ranska9neuf
26%
ranska3trois
26%
viro9üheksa
26%
italia2due
23%
ranska8huit
22%
ranska7sept
22%
ranska10dix
21%
italia8otto
19%
italia5cinque
16%
italia7sette
16%
italia | portugali9nove
15%
italia10dieci
12%
portugali2dois
12%
hollanti1een
10%
hollanti3drie
9%
portugali1um
9%
puola2dwa
8%
puola1jeden
8%
portugali7sete
8%
hollanti2twee
8%
portugali10dez
7%
hollanti10tien
7%
hollanti5vijf
7%
hollanti6zes
7%
hollanti7zeven
7%
puola4cztery
6%
puola9dziewięć
6%
hollanti9negen
6%
portugali8oito
6%
puola8osiem
6%
puola5pięć
6%
puola7siedem
6%
puola6sześć
6%
puola3trzy
6%
puola10dziesięć
5%

Tulosjakauma

Persentiili vastausten määrän mukaan

Jokaisen tuloksen saaneiden osuus

Tuloshistoriasi

Et ole pelannut tätä visaa